[Event "Mittelrhein Verbandsliga-N 18/19"]
[Site "Nordrheinwestfalen"]
[Date "2019.05.19"]
[Round "11.3"]
[White "Vogel, Ulrich"]
[Black "Lattermann, Stefan"]
[Result "1-0"]
[WhiteElo "2065"]
[BlackElo "2006"]
[PlyCount "45"]
[EventDate "2018.09.02"]
[EventType "team-tourn"]
[EventRounds "12"]
[EventCountry "GER"]
[SourceTitle "EXT 2022"]
[Source "ChessBase"]
[SourceDate "2021.10.06"]
[SourceVersion "1"]
[SourceVersionDate "2021.10.06"]
[SourceQuality "1"]
[WhiteTeam "Kalker/Deutzer SG"]
[BlackTeam "Rheinpark BSG"]
[WhiteTeamCountry "GER"]
[BlackTeamCountry "GER"]

1. d4 d5 2. Bf4 Nf6 3. e3 e6 4. Nd2 c5 5. c3 Nc6 6. Ngf3 Be7 7. Ne5 Bd7 8. Bd3 Qb6 9. Rb1 Rc8 10. 0-0 0-0 11. Qf3 Qd8 12. Qh3 g6 13. Bh6 Re8 14. f4 cxd4 15. exd4 Bf8 16. Ndf3 Bg7 17. Bg5 a6 18. Qh4 h6 19. Bxh6 Nh5 20. Bg5 Bf6 21. Nxg6 Bxg5 22. fxg5 fxg6 23. Bxg6 1-0

[Event "Mittelrhein Verbandsliga-N 18/19"]
[Site "Nordrheinwestfalen"]
[Date "2019.04.07"]
[Round "9.3"]
[White "Bayer, Udo"]
[Black "Lattermann, Stefan"]
[Result "1/2-1/2"]
[WhiteElo "1947"]
[BlackElo "2006"]
[PlyCount "80"]
[EventDate "2018.09.02"]
[EventType "team-tourn"]
[EventRounds "12"]
[EventCountry "GER"]
[SourceTitle "EXT 2022"]
[Source "ChessBase"]
[SourceDate "2021.10.06"]
[SourceVersion "1"]
[SourceVersionDate "2021.10.06"]
[SourceQuality "1"]
[WhiteTeam "Hitdorf SV Springer"]
[BlackTeam "Rheinpark BSG"]
[WhiteTeamCountry "GER"]
[BlackTeamCountry "GER"]

1. e4 e6 2. d4 d5 3. Nc3 Nc6 4. e5 f6 5. Bb5 Bd7 6. Nf3 fxe5 7. Bxc6 Bxc6 8. Nxe5 Nf6 9. Qe2 Bd7 10. Bg5 Be7 11. Bxf6 Bxf6 12. Qh5+ g6 13. Qg4 Qe7 14. 0-0-0 Bxe5 15. dxe5 0-0-0 16. Rd2 g5 17. h4 h6 18. hxg5 hxg5 19. Rxh8 Rxh8 20. g3 Rf8 21. f4 gxf4 22. gxf4 Qf7 23. Rg2 c5 24. Rf2 Rg8 25. Qh3 Rg1+ 26. Kd2 Qg6 27. Qh8+ Qg8 28. Qxg8+ Rxg8 29. b3 Bc6 30. a4 a6 31. Ne2 d4 32. c3 Rd8 33. cxd4 cxd4 34. Kd3 b5 35. Nxd4 bxa4 36. Kc3 Bd7 37. bxa4 Rh8 38. Kb4 Kc7 39. a5 Rh4 40. Kc5 Rh1 1/2-1/2

[Event "Mittelrhein Verbandsliga-N 18/19"]
[Site "Nordrheinwestfalen"]
[Date "2018.12.16"]
[Round "5.2"]
[White "Lattermann, Stefan"]
[Black "Spiekermann, Thomas"]
[Result "0-1"]
[WhiteElo "2006"]
[BlackElo "1968"]
[PlyCount "114"]
[EventDate "2018.09.02"]
[EventType "team-tourn"]
[EventRounds "12"]
[EventCountry "GER"]
[SourceTitle "EXT 2022"]
[Source "ChessBase"]
[SourceDate "2021.10.06"]
[SourceVersion "1"]
[SourceVersionDate "2021.10.06"]
[SourceQuality "1"]
[WhiteTeam "Rheinpark BSG"]
[BlackTeam "Dormagen SV"]
[WhiteTeamCountry "GER"]
[BlackTeamCountry "GER"]

1. e4 d6 2. d4 Nf6 3. Nc3 Nbd7 4. Nf3 e5 5. Bc4 Be7 6. 0-0 c6 7. Bb3 0-0 8. a4 exd4 9. Qxd4 Nc5 10. Ba2 a5 11. h3 Be6 12. Bxe6 Nxe6 13. Qd3 Re8 14. Be3 Qc7 15. Rad1 Rad8 16. Qc4 Nd7 17. Rfe1 Ne5 18. Qe2 Bf6 19. Nd4 Nxd4 20. Bxd4 Nd7 21. Bxf6 Nxf6 22. Qc4 h6 23. Re3 Re6 24. Qd4 d5 25. e5 Nd7 26. f4 Qb6 27. Nxd5 cxd5 28. Rb3 Qxd4+ 29. Rxd4 Nc5 30. Rb5 b6 31. b4 Nxa4 32. Rd3 d4 33. bxa5 Nc3 34. Rxb6 Rxb6 35. axb6 Ne2+ 36. Kf2 Nxf4 37. Rb3 Ne6 38. Ke2 Rb8 39. Rb5 Kf8 40. Kd3 Ke8 41. Kc4 Kd7 42. Rd5+ Ke7 43. Rb5 Rc8+ 44. Kd5 Kd7 45. g3 g6 46. Rb1 Rc5+ 47. Ke4 Kc8 48. h4 Rxc2 49. Rf1 Re2+ 50. Kd3 Rxe5 51. Rxf7 Re3+ 52. Kd2 Rxg3 53. Ra7 Rb3 54. h5 gxh5 55. Rh7 Rb4 56. Kd3 Rxb6 57. Kc4 Rd6 0-1

[Event "Mittelrhein Verbandsliga-M 16/17"]
[Site "Nordrheinwestfalen"]
[Date "2017.01.29"]
[Round "7.2"]
[White "Lattermann, Stefan"]
[Black "Liethen, Alexander"]
[Result "1/2-1/2"]
[WhiteElo "1986"]
[BlackElo "2010"]
[PlyCount "24"]
[EventDate "2016.09.11"]
[EventType "team-tourn"]
[EventRounds "11"]
[EventCountry "GER"]
[SourceTitle "EXT 2022"]
[Source "ChessBase"]
[SourceDate "2021.10.06"]
[SourceVersion "1"]
[SourceVersionDate "2021.10.06"]
[SourceQuality "1"]
[WhiteTeam "Rheinpark BSG"]
[BlackTeam "Esch SF"]
[WhiteTeamCountry "GER"]
[BlackTeamCountry "GER"]

1. e4 e5 2. Nc3 Nf6 3. g3 Bc5 4. Bg2 0-0 5. Nge2 d6 6. Na4 Nc6 7. Nxc5 dxc5 8. d3 c4 9. 0-0 cxd3 10. cxd3 Qd6 11. Bg5 Rd8 12. Nc3 Bg4 1/2-1/2

[Event "Mittelrhein Verbandsliga-M 16/17"]
[Site "Nordrheinwestfalen"]
[Date "2016.10.23"]
[Round "3.2"]
[White "Lattermann, Stefan"]
[Black "Weiser, Hans Josef"]
[Result "0-1"]
[WhiteElo "1986"]
[BlackElo "1976"]
[PlyCount "82"]
[EventDate "2016.09.11"]
[EventType "team-tourn"]
[EventRounds "11"]
[EventCountry "GER"]
[SourceTitle "EXT 2022"]
[Source "ChessBase"]
[SourceDate "2021.10.06"]
[SourceVersion "1"]
[SourceVersionDate "2021.10.06"]
[SourceQuality "1"]
[WhiteTeam "Rheinpark BSG"]
[BlackTeam "Bergische SF"]
[WhiteTeamCountry "GER"]
[BlackTeamCountry "GER"]

1. e4 c5 2. Nf3 Nc6 3. d4 cxd4 4. Nxd4 g6 5. Nc3 Bg7 6. Be3 Nf6 7. f3 d6 8. Bc4 Bd7 9. Qd2 0-0 10. 0-0-0 Na5 11. Bb3 Rb8 12. h4 b5 13. Bh6 Bxh6 14. Qxh6 e5 15. Nde2 b4 16. Nd5 Nxb3+ 17. axb3 Nxd5 18. Rxd5 Be6 19. h5 Qc7 20. Rd3 Rfc8 21. Qd2 Rb6 22. Kb1 Rc6 23. c4 bxc3 24. Rxc3 Rxc3 25. Nxc3 Bxb3 26. Qg5 Qd8 27. Qe3 Qa5 28. Re1 Rc6 29. Qd3 Ra6 30. Kc1 Qa1+ 31. Qb1 Qxb1+ 32. Kxb1 Kg7 33. hxg6 fxg6 34. Re2 Rc6 35. Rd2 a6 36. Nd5 Kf7 37. g4 Bxd5 38. Rxd5 Kf6 39. Rd2 Kg5 40. Rh2 Kf4 41. Rxh7 Kxf3 0-1

[Event "Mittelrhein Verbandsliga-M 16/17"]
[Site "Nordrheinwestfalen"]
[Date "2016.10.02"]
[Round "2.2"]
[White "Sewald, Kathrin"]
[Black "Lattermann, Stefan"]
[Result "0-1"]
[WhiteElo "1832"]
[BlackElo "1986"]
[PlyCount "106"]
[EventDate "2016.09.11"]
[EventType "team-tourn"]
[EventRounds "11"]
[EventCountry "GER"]
[SourceTitle "EXT 2022"]
[Source "ChessBase"]
[SourceDate "2021.10.06"]
[SourceVersion "1"]
[SourceVersionDate "2021.10.06"]
[SourceQuality "1"]
[WhiteTeam "Porz SG V"]
[BlackTeam "Rheinpark BSG"]
[WhiteTeamCountry "GER"]
[BlackTeamCountry "GER"]

1. e4 e6 2. f4 d5 3. e5 c5 4. Nf3 Nc6 5. c3 Nh6 6. Na3 Nf5 7. Nc2 Be7 8. g3 0-0 9. d3 Rb8 10. Bg2 Bd7 11. 0-0 b5 12. g4 Nh6 13. h3 Kh8 14. Qe2 Ng8 15. g5 f5 16. exf6 gxf6 17. g6 hxg6 18. Nh4 Qe8 19. Kh1 Nh6 20. Bf3 f5 21. Qf2 Kh7 22. Rg1 Rg8 23. Be3 Qd8 24. Ng2 Qf8 25. Nge1 a5 26. d4 c4 27. Be2 Nf7 28. Nf3 Qh6 29. Kh2 Rbf8 30. Rg2 g5 31. Nxg5+ Nxg5 32. fxg5 Bxg5 33. Bxg5 Rxg5 34. Rxg5 Qxg5 35. Rg1 Qf6 36. Qf3 Qh6 37. Qg3 f4 38. Qg4 Bc8 39. Qg2 Ne7 40. Ne1 Rg8 41. Bg4 e5 42. Qc2+ e4 43. Bxc8 Rxg1 44. Kxg1 Nxc8 45. Qg2 Nd6 46. Qg4 Qg6 47. Ng2 Qxg4 48. hxg4 f3 49. Ne3 Kg6 50. Nxd5 Kg5 51. Ne3 Kf4 52. Kf2 a4 53. a3 Ne8 0-1

[Event "Mittelrhein Verbandsliga-M 16/17"]
[Site "Nordrheinwestfalen"]
[Date "2016.09.11"]
[Round "1.2"]
[White "Tuerk, Philipp"]
[Black "Lattermann, Stefan"]
[Result "1/2-1/2"]
[WhiteElo "2078"]
[BlackElo "1986"]
[PlyCount "51"]
[EventDate "2016.09.11"]
[EventType "team-tourn"]
[EventRounds "11"]
[EventCountry "GER"]
[SourceTitle "EXT 2022"]
[Source "ChessBase"]
[SourceDate "2021.10.06"]
[SourceVersion "1"]
[SourceVersionDate "2021.10.06"]
[SourceQuality "1"]
[WhiteTeam "Gruenfeld"]
[BlackTeam "Rheinpark BSG"]
[WhiteTeamCountry "GER"]
[BlackTeamCountry "GER"]

1. e4 e6 2. d4 d5 3. e5 c5 4. c3 Nc6 5. Nf3 Nh6 6. Bd3 Nf5 7. Bxf5 exf5 8. 0-0 Be6 9. Re1 Be7 10. dxc5 Bxc5 11. Nbd2 0-0 12. Nb3 Be7 13. Nbd4 Qd7 14. Qd3 Rac8 15. Be3 Nxd4 16. Nxd4 a6 17. Rad1 Rfe8 18. Nxe6 fxe6 19. c4 Bc5 20. Bxc5 Rxc5 21. b4 Rcc8 22. cxd5 exd5 23. Qxd5+ Qxd5 24. Rxd5 Rc2 25. Ra5 b6 26. Rxa6 1/2-1/2

[Event "Mittelrhein Verbandsliga-M 15/16"]
[Site "Nordrheinwestfalen"]
[Date "2015.11.15"]
[Round "4.2"]
[White "Lattermann, Stefan"]
[Black "Liethen, Alexander"]
[Result "1-0"]
[WhiteElo "2000"]
[BlackElo "2013"]
[PlyCount "85"]
[EventDate "2015.09.06"]
[EventType "team-tourn"]
[EventRounds "11"]
[EventCountry "GER"]
[SourceTitle "EXT 2022"]
[Source "ChessBase"]
[SourceDate "2021.10.06"]
[SourceVersion "1"]
[SourceVersionDate "2021.10.06"]
[SourceQuality "1"]
[WhiteTeam "Rheinpark BSG"]
[BlackTeam "Esch SF"]
[WhiteTeamCountry "GER"]
[BlackTeamCountry "GER"]

1. e4 e5 2. Nc3 Nf6 3. g3 d5 4. exd5 Bg4 5. Be2 Bf5 6. Bf3 Bc5 7. d3 Nbd7 8. Nge2 Qe7 9. 0-0 0-0-0 10. Be3 Bh3 11. Re1 Bxe3 12. fxe3 h5 13. Nc1 g5 14. Nb3 g4 15. Bh1 h4 16. Qe2 hxg3 17. hxg3 Nh5 18. Qf2 f5 19. Ne2 Qg5 20. d4 Rdf8 21. dxe5 Nxe5 22. Nbd4 Nf3+ 23. Nxf3 gxf3 24. Bxf3 f4 25. exf4 Nxf4 26. Nxf4 Rxf4 27. Re3 Rg8 28. Kh2 Bf5 29. Rae1 Rh4+ 30. gxh4 Qf4+ 31. Kh1 Rg3 32. Re4 Bxe4 33. Rxe4 Qc1+ 34. Kh2 Rg8 35. Bg4+ Kb8 36. Qe2 a6 37. Re8+ Rxe8 38. Qxe8+ Ka7 39. Qe4 Qxb2 40. a4 b5 41. axb5 axb5 42. d6 cxd6 43. Qe7+ 1-0

[Event "Mittelrhein Verbandsliga-M 1112"]
[Site "Germany"]
[Date "2012.05.20"]
[Round "11.1"]
[White "Lattermann, Stefan"]
[Black "Lunnebach, Oliver"]
[Result "0-1"]
[WhiteElo "2030"]
[BlackElo "2151"]
[PlyCount "90"]
[EventDate "2011.09.18"]
[EventType "team-tourn"]
[EventRounds "11"]
[EventCountry "GER"]
[SourceTitle "EXT 2013"]
[Source "ChessBase"]
[SourceDate "2012.11.22"]
[SourceVersion "1"]
[SourceVersionDate "2012.11.22"]
[SourceQuality "1"]
[WhiteTeam "Rheinpark BSG"]
[BlackTeam "Kalker/Deutzer SG"]
[WhiteTeamCountry "GER"]
[BlackTeamCountry "GER"]

1. e4 c6 2. d4 d5 3. Nd2 dxe4 4. Nxe4 Nf6 5. Nxf6+ gxf6 6. Nf3 Bf5 7. g3 Qd5 8. c3 Nd7 9. Bg2 Qc4 10. Bf1 Qe6+ 11. Be3 Nb6 12. Qb3 Qe4 13. Bg2 Be6 14. Qd1 h5 15. 0-0 h4 16. Ng5 Qg4 17. f3 Qf5 18. g4 Qd5 19. f4 Qd7 20. Nxe6 Qxe6 21. Qf3 0-0-0 22. f5 Qd7 23. b4 Bh6 24. Bxh6 Rxh6 25. a4 h3 26. Bh1 Rg8 27. Rfe1 e6 28. fxe6 fxe6 29. Kf2 Nd5 30. b5 f5 31. bxc6 bxc6 32. gxf5 Qc7 33. Re5 Rh4 34. Rg1 Rxg1 35. Kxg1 Qg7+ 36. Bg2 hxg2 37. fxe6 Rf4 38. e7 Rxf3 39. e8Q+ Kc7 40. Re1 Ne3 41. Qxe3 Rxe3 42. Rxe3 Qg5 43. Rg3 Qd2 44. h4 Qe2 45. Rxg2 Qe1+ 0-1

[Event "Mittelrhein Verbandsliga-M 1112"]
[Site "Germany"]
[Date "2012.02.05"]
[Round "6.1"]
[White "Kloss, Henning"]
[Black "Lattermann, Stefan"]
[Result "1-0"]
[WhiteElo "2064"]
[BlackElo "2030"]
[PlyCount "79"]
[EventDate "2011.09.18"]
[EventType "team-tourn"]
[EventRounds "11"]
[EventCountry "GER"]
[SourceTitle "EXT 2013"]
[Source "ChessBase"]
[SourceDate "2012.11.22"]
[SourceVersion "1"]
[SourceVersionDate "2012.11.22"]
[SourceQuality "1"]
[WhiteTeam "Koeln Lasker II"]
[BlackTeam "Rheinpark BSG"]
[WhiteTeamCountry "GER"]
[BlackTeamCountry "GER"]

1. d4 d5 2. c4 e6 3. Nf3 Nf6 4. g3 Be7 5. Bg2 0-0 6. 0-0 dxc4 7. Qc2 b5 8. a4 b4 9. Nbd2 Bb7 10. Nxc4 Be4 11. Qd1 Nbd7 12. Nfe5 Bxg2 13. Kxg2 Nxe5 14. dxe5 Qd5+ 15. Qxd5 Nxd5 16. a5 c5 17. e4 Nc7 18. Be3 Rfd8 19. Rfd1 Nb5 20. Kf1 Kf8 21. Rac1 Ke8 22. Ke2 Rxd1 23. Rxd1 Rd8 24. Rxd8+ Kxd8 25. Kd3 Kc7 26. Nd2 Kc6 27. Kc4 Nc7 28. Nb3 Na6 29. f4 f6 30. exf6 gxf6 31. g4 f5 32. exf5 exf5 33. g5 Bf8 34. h4 Bg7 35. Nxc5 Nxc5 36. Bxc5 Bxb2 37. Bxa7 Bc1 38. Bb8 Be3 39. h5 Bc5 40. Be5 1-0

[Event "NRW Class1 0708"]
[Site "Germany"]
[Date "2007.10.14"]
[Round "2.4"]
[White "Lattermann, Stefan"]
[Black "Prange, Stefan"]
[Result "1/2-1/2"]
[WhiteElo "2187"]
[BlackElo "2172"]
[PlyCount "54"]
[EventDate "2007.09.16"]
[EventType "team-tourn"]
[EventRounds "9"]
[EventCountry "GER"]
[SourceTitle "EXT 2009"]
[Source "ChessBase"]
[SourceDate "2008.11.26"]
[SourceVersion "1"]
[SourceVersionDate "2008.11.26"]
[SourceQuality "1"]
[WhiteTeam "Rheinpark BSG"]
[BlackTeam "Elberfeld"]
[WhiteTeamCountry "GER"]
[BlackTeamCountry "GER"]

1. e4 c5 2. Nf3 e6 3. d4 cxd4 4. Nxd4 Nf6 5. Nc3 Nc6 6. Ndb5 d6 7. Bf4 e5 8. Bg5 a6 9. Na3 Be6 10. Nc4 Rc8 11. Bxf6 gxf6 12. Ne3 Rg8 13. Ncd5 Bh6 14. c3 Rg6 15. Qf3 Bxe3 16. Nxe3 Qb6 17. Be2 Qxb2 18. 0-0 Qxc3 19. Qh5 Nd4 20. Bg4 Bxg4 21. Nxg4 Ne2+ 22. Kh1 Nf4 23. Qf5 Ke7 24. Ne3 Qc6 25. g3 Rg5 26. Qxh7 Rh5 27. Nf5+ Rxf5 1/2-1/2

[Event "NRW Class1 0607"]
[Site "Germany"]
[Date "2007.03.18"]
[Round "7.5"]
[White "Kemmerling, Alexander"]
[Black "Lattermann, Stefan"]
[Result "1/2-1/2"]
[WhiteElo "1884"]
[BlackElo "2030"]
[PlyCount "37"]
[EventDate "2006.09.17"]
[EventType "tourn"]
[EventRounds "9"]
[EventCountry "GER"]
[SourceTitle "EXT 2008"]
[Source "ChessBase"]
[SourceDate "2007.11.25"]
[SourceVersion "1"]
[SourceVersionDate "2007.11.25"]
[SourceQuality "1"]
[WhiteTeam "Koeln Porz III"]
[BlackTeam "Gerling"]
[WhiteTeamCountry "GER"]
[BlackTeamCountry "GER"]

1. e4 c5 2. c3 d5 3. exd5 Qxd5 4. d4 Nf6 5. Nf3 e6 6. Na3 Nc6 7. Nb5 Qd8 8. dxc5 Bxc5 9. Qxd8+ Kxd8 10. Bf4 Nd5 11. Rd1 Ke7 12. Bg3 a6 13. Nbd4 Nxd4 14. Nxd4 Bd7 15. Bc4 Bxd4 16. Rxd4 Bc6 17. 0-0 Rhd8 18. Rfd1 Rac8 19. Bb3 1/2-1/2

[Event "NRW Class1 0607"]
[Site "Germany"]
[Date "2007.02.25"]
[Round "6.7"]
[White "Lattermann, Stefan"]
[Black "Georgi, Thomas"]
[Result "1/2-1/2"]
[WhiteElo "2030"]
[BlackElo "1847"]
[PlyCount "65"]
[EventDate "2006.09.17"]
[EventType "tourn"]
[EventRounds "9"]
[EventCountry "GER"]
[SourceTitle "EXT 2008"]
[Source "ChessBase"]
[SourceDate "2007.11.25"]
[SourceVersion "1"]
[SourceVersionDate "2007.11.25"]
[SourceQuality "1"]
[WhiteTeam "Gerling"]
[BlackTeam "Koeln SF II"]
[WhiteTeamCountry "GER"]
[BlackTeamCountry "GER"]

1. e4 Nf6 2. e5 Nd5 3. d4 d6 4. Nf3 Bg4 5. Be2 c6 6. 0-0 Bxf3 7. Bxf3 dxe5 8. dxe5 e6 9. c4 Ne7 10. Qxd8+ Kxd8 11. b3 Ng6 12. Bb2 Nd7 13. Re1 Bc5 14. g3 Ke7 15. Na3 Rhg8 16. Nc2 a5 17. h4 f6 18. exf6+ gxf6 19. Bg2 Nge5 20. Bd4 Rg4 21. Rad1 Rag8 22. Bxc5+ Nxc5 23. Ne3 R4g6 24. Rd4 Ng4 25. Nf5+ Kf7 26. Nd6+ Ke7 27. Ne4 Nxe4 28. Bxe4 Ne5 29. Red1 f5 30. Bg2 Rg4 31. Rd6 h5 32. Kf1 Kf6 33. Ke2 1/2-1/2